| 000 | 00892nas a2200289 4500 | ||
|---|---|---|---|
| 001 | BR0201809 | ||
| 003 | BR-BrBNA | ||
| 005 | 20231205102842.0 | ||
| 007 | ta | ||
| 008 | 230509b bl.|||p| |||| 00| 00por d | ||
| 040 |
_aBR-BrBNA _bpor _cBiblioteca Nacional de Agricultura |
||
| 041 | _a(En) | ||
| 072 | _aH10 | ||
| 100 | 1 | _aSosa-Gomez, D.R. | |
| 100 | 1 | _aCorso, I.C. | |
| 100 | 1 | _aMorales, L. | |
| 245 | 1 | _aInsecticide resistance to endosulfan, monocrotophos and metamidophos in the neotropical brown stink bug, Euschistus heros (F.) | |
| 650 | _aINSETO | ||
| 650 | _aPERCEVEJO | ||
| 650 | _aINSETICIDA FOSFORADO | ||
| 650 | _aINSETICIDA | ||
| 650 | _aRESISTÊNCIA A PESTICIDA | ||
| 650 | _aSOJA | ||
| 773 | 0 |
_tNeotropical Entomology (Brazil) _xISSN 1519-566X _g(Jun 2001), v. 30(2) p. 317-320 _wBR0201809 |
|
| 909 |
_a202311 _bLúcia _c55 _dLúcia Elande |
||
| 942 |
_2AGRIS _n0 _cANA |
||
| 999 |
_c169704 _d169704 |
||